№ 3 : Приложение; Квант; "Квант" для младших школьников: числа, верблюды, ковбои...

Bibliographic Details
Parent link:Квант: научно-популярный физико-математический журнал/ Российская академия наук (РАН). № 3 : Приложение.— , 1979-.— 0130-2221
Language:Russian
Published: 2004
TOC:А. А. Егоров, "Квант" для младших школьников: числа, верблюды, ковбои...;
Format: MixedMaterials Book
KOHA link:https://koha.lib.tpu.ru/cgi-bin/koha/opac-detail.pl?biblionumber=484211

MARC

LEADER 00000nam2a2200000 4500
001 484211
005 20231101094347.0
035 |a (RuTPU)RU\TPU\prd\151838 
035 |a RU\TPU\prd\26857 
090 |a 484211 
100 |a 20120918a20049999k y0rusy50 ca 
101 0 |a rus 
102 |a RU 
200 0 |a № 3 : Приложение 
210 |d 2004 
461 1 |0 (RuTPU)RU\TPU\prd\1524  |x 0130-2221  |t Квант  |o научно-популярный физико-математический журнал  |f Российская академия наук (РАН)  |v № 3 : Приложение  |d 1979- 
464 |t "Квант" для младших школьников: числа, верблюды, ковбои...  |f А. А. Егоров  |d 2004  |p 128 с.  |s Приложение к журналу "Квант" 
801 0 |a RU  |b 63413507  |c 20010227  |g PSBO 
801 1 |a RU  |b 63413507  |c 20040817  |g PSBO 
801 2 |a RU  |b 63413507  |c 20120918  |g PSBO 
942 |c BK 
999 |a НТБ_ТПУ  |b НФ  |e -4/20120110  |p П-9068  |s 22/20030911  |u 0,00  |v 1